One Piece Guess the Devil Fruit By the Character's Name - Statistics

General Stats
  • This quiz has been taken 11 times
  • The average score is 73 of 135
Answer Stats
Hint Answer % Correct
Bartolomeo's Fruit Barrier-Barrier Fruit
75%
Vegapunk's Fruit Brain-Brain Fruit
75%
Kalifa's Fruit Bubble-Bubble Fruit
75%
Blackbeard's Fruit Dark-Dark Fruit
75%
Blueno's Fruit Door-Door Fruit
75%
Kaido's Fruit Fish-Fish Fruit Model Azure Dragon
75%
Sabo's Fruit Flame-Flame Fruit
75%
Nico Robin's Fruit Flower-Flower Fruit
75%
Caesar Clown's Fruit Gas-Gas Fruit
75%
Chopper's Fruit Human-Human Fruit
75%
Aokiji's Fruit Ice-Ice Fruit
75%
Charlotte Pudding's Fruit Memo-Memo Fruit
75%
Shu's Fruit Rust-Rust Fruit
75%
Crocodile's Fruit Sand-Sand Fruit
75%
Gecko Moria's Fruit Shadow-Shadow Fruit
75%
Smoker's Fruit Smoke-Smoke Fruit
75%
Monet's Fruit Snow-Snow Fruit
75%
Karasu's Fruit Soot-Soot Fruit
75%
Donquixote Doflamingo's Fruit String-String Fruit
75%
Senor Pink's Fruit Swim-Swim Fruit
75%
Kozuki Toki's Fruit Time-Time Fruit
75%
Very Good's Fruit Berry-Berry Fruit
63%
Morgans Fruit Bird-Bird Fruit Model Albatross
63%
Marco's Fruit Bird-Bird Fruit Model Phoenix
63%
Gem's Fruit Bomb-Bomb Fruit
63%
Charlotte Mont-D'or's Fruit Book-Book Fruit
63%
Kurozumi Kanjuro's Fruit Brush-Brush Fruit
63%
Capone Bege's Fruit Castle-Castle Fruit
63%
Rob Lucci's Fruit Cat-Cat Fruit Model Leopard
63%
Buggy.s Fruit Chop-Chop Fruit
63%
Bentham's Fruit Clone-Clone Fruit
63%
Streusen's Fruit Cook-Cook Fruit
63%
Daz Bonez Fruit DIce-Dice Fruit
63%
Jabra's Fruit Dog-Dog Fruit Model Wolf
63%
Vasco Shot's Fruit Glug-Glug Fruit
63%
Ivankov's Fruit Horm-Horm Fruit
63%
Sanjuan Wolf's Fruit Huge-Huge Fruit
63%
Sengoku's Fruit Human-Human Fruit Model Buddha
63%
Luffy's Fruit Human-Human Fruit Model Nika
63%
Avalo Pizarro's Fruit Isle-Isle Fruit
63%
Kelly Funk's Fruit Jacket-Jacket Fruit
63%
Charlotte Perospero's Fruit Lick-Lick Fruit
63%
Boa Hancock's Fruit Love-Love Fruit
63%
Eutass Kid's Fruit Magnet-Magnet Fruit
63%
Charlotte Brulee's Fruit Mirror-Mirror Fruit
63%
Kaku's Fruit Ox-Ox Fruit Model Giraffe
63%
Bartholomew Kuma's Fruit Paw-Paw Fruit
63%
Gladius's Fruit Pop-Pop Fruit
63%
Belo Betty's Fruit Pump-Pump Fruit
63%
Brook's Fruit Revive-Revive Fruit
63%
Enel's Fruit Rumble-Rumble Fruit
63%
Raizo's Fruit Scroll-Scroll Fruit
63%
Doc Q's Fruit Sick-Sick Fruit
63%
Foxy's Fruit Slow-Slow Fruit
63%
Alvida's Fruit Smooth-Smooth Fruit
63%
Inazuma's Fruit Snip-Snip Fruit
63%
Pica's Fruit Stone-Stone Fruit
63%
Jesus Burgess's Fruit Strong-Strong Fruit
63%
Caribou's Fruit Swamp-Swamp Fruit
63%
Pekoms Fruit Turtle-Turtle Fruit
63%
Magellan's Fruit Venom-Venom Fruit
63%
Van Augur's Fruit Warp-Warp Fruit
63%
Tsuru's Fruit Wash-Wash Fruit
63%
Galdino's Fruit Wax-Wax Fruit
63%
Aramaki's Fruit Woods-Woods Fruit
63%
Bonney's Fruit Age-Age Fruit
50%
Baby 5's Fruit Arms-Arms Fruit
50%
Giolla's Fruit Art-Art Fruit
50%
Hina's Fruit Bind-Bind Fruit
50%
Charlotte Cracker's Fruit Bis-Bis Fruit
50%
Charlotte Galette's Fruit Butter-Butter Fruit
50%
Corazon's Fruit Calm-Calm Fruit
50%
Shiryu's Fruit Clear-Clear Fruit
50%
Charlotte Opera's Fruit Cream-Cream Fruit
50%
Chaka's Fruit Dog-Dog Fruit Model Jackal
50%
Catarina Devon's Fruit Dog-Dog Fruit Model Nine Tailed Fox
50%
Sasaki's Fruit Dragon-Dragon Fruit Model Triceratops
50%
Tamago's Fruit Egg-Egg Fruit
50%
Jack's Fruit Eleph-Eleph Fruit Model Mammoth
50%
Shiki's Fruit Float-Float Fruit
50%
Kin'emon's Fruit Garb-Garb Fruit
50%
Viola's Fruit Glare-Glare Fruit
50%
Kizaru's Fruit Glint-Glint Fruit
50%
Mansherry's Fruit Heal-Heal Fruit
50%
Charlotte Oven's Fruit Heat-Heat Fruit
50%
Sugar's Fruit Hobby-Hobby Fruit
50%
Perona's Fruit Hollow-Hollow Fruit
50%
Mikita's Fruit Kilo-Kilo Fruit
50%
Akainu's Fruit Mag-Mag Fruit
50%
Vander Decken Ix's Fruit Mark-Mark Fruit
50%
Drophy's Fruit Mole-Mole Fruit
50%
Wapol's Fruit Munch-Munch Fruit
50%
Trafalgar D. Water Law's Fruit Op-Op Fruit
50%
Charlotte Newshi's Fruit Pile-Pile Fruit
50%
Fujitora's Fruit Press-Press Fruit
50%
Charlotte Daifuku's Fruit Puff-Puff Fruit
50%
Whitebeard's Fruit Quake-Quake Fruit
50%
Shinobu's Fruit Ripe-Ripe Fruit
50%
Leo's Fruit Sew-Sew Fruit Fruit
50%
Charlotte Linlin's Fruit Soul-Soul Fruit
50%
Zala's Fruit Spike-Spike Fruit
50%
Buffalo's Fruit Spin-Spin Fruit
50%
Bellamy's Fruit Spring-Spring Fruit
50%
Trebol's Fruit Stick-Stick Fruit
50%
Basil Hawkins Fruit Straw-Straw Fruit
50%
Apoo's Fruit Tone-Tone Fruit
50%
Machvise's Fruit Ton-Ton Fruit
50%
Sharinguru's Fruit Wheel-Wheel Fruit
50%
Charlotte Smoothie's Fruit Wring-Wring Fruit
50%
Pell's Fruit Bird-Bird Fruit Model Falcon
38%
X Drake's Fruit Dragon-Dragon Fruit Model Allosaurus
38%
Queen's Fruit Dragon-Dragon Fruit Model Brachiosaurus
38%
Page One's Fruit Dragon-Dragon Fruit Model Spinosaurus
38%
Funkfreed's Fruit Eleph-Eleph Fruit
38%
Pierre's Fruit Horse-Horse Fruit
38%
O-Tama's Fruit Millet-Millet Fruit
38%
LIly Enstomach's Fruit Mini-Mini Fruit
38%
Dalton's Fruit Ox-Ox Fruit
38%
Blamenco's Fruit Pocket-Pocket Fruit
38%
Morley's Fruit Push-Push Fruit
38%
Orochi's Fruit Snake-Snake Fruit Model Yamata-no-Orochi
38%
Jozu's Fruit Twinkle-Twinkle Fruit
38%
Bian's Fruit Bug-Bug Fruit Model Hornet
25%
Kabu's Fruit Bug-Bug Fruit Model Rhinoceros Beetle
25%
Who's-Who's Fruit Cat-Cat Fruit Model Saber-toothed Tiger
25%
Yamato's Fruit Dog-Dog Fruit Model Okuchi
25%
Bunbuku's Fruit Dog-Dog Fruit Model Tanuki
25%
King's Fruit Dragon-Dragon Fruit Model Pteranodon
25%
Sandersonia's Fruit Snake-Snake Fruit Model Anaconda
25%
Marigold's Fruit Snake-Snake Fruit Model King Cobra
25%
Ulti's Fruit Dragon-Dragon Fruit Model Pachycephalosaurus
13%
Onimaru's Fruit Human-Human Fruit Model Onyudo
13%
Diamante's Fruit Ripple-Ripple
13%
Black Maria's Fruit Spider-Spider Fruit Model Rosamygale Grauvogeli
13%
Lasoo's Fruit Dog-Dog Fruit Model Dachbund
0%
No matching quizzes found
Score Distribution
Percent of People with Each Score
Percentile by Number Answered
Your Score History
You have not taken this quiz